Technickoekonomické tendence v rozvoji průmyslových robotů : SIVO 2275 /
Salvato in:
| Altri autori: | |
|---|---|
| Natura: | Libro |
| Lingua: | ceco |
| Pubblicazione: |
Praha :
ÚVTEI,
1988
|
| Soggetti: | |
| Tags: |
Nessun Tag, puoi essere il primo ad aggiungerne!!
|
MARC
| LEADER | 00000nam a22000003a 4500 | ||
|---|---|---|---|
| 001 | stu43120 | ||
| 005 | 20150617225717.9 | ||
| 008 | 940720s1988----cs------------------cze-d | ||
| 040 | |a STU |b slo | ||
| 041 | 0 | |a cze | |
| 044 | |a cs | ||
| 080 | |a 621.865.8 |7 A000003983 | ||
| 100 | 1 | |a Ptáček, Vladimír |4 drm | |
| 245 | 1 | |a Technickoekonomické tendence v rozvoji průmyslových robotů : |b SIVO 2275 / |c Vyprac. V. Ptáček | |
| 260 | |a Praha : |b ÚVTEI, |c 1988 | ||
| 300 | |a 55 s | ||
| 650 | 7 | |a roboty priemyselné |2 stusub | |
| 996 | |b 284M014453 |c M*6565-2 |l MMKN |s A |a 24 |w stu43120_0001 | ||
| 996 | |b 284M014452 |c M*6565-1 |l MMKN |s A |a 24 |w stu43120_0002 | ||